| 000 | 00768cam a2200229 4500 | ||
|---|---|---|---|
| 001 | he 68002620 | ||
| 003 | DLC | ||
| 005 | 20260227111502.0 | ||
| 008 | 841201s1694 xx a 000 0 hebr | ||
| 010 | _ahe 68002620 | ||
| 040 |
_aDLC _cDLC _dDLC |
||
| 050 | 0 | 0 |
_aBM522.94 _b.A32 1694 |
| 100 | 1 |
_aẒahalon, Yom Tov ben Moses, _dapproximately 1559-approximately 1638. |
|
| 240 | 1 | 0 | _aSheʼelot u-teshuvot |
| 245 | 1 | 0 |
_aSefer Sheʼelot u-teshuvot, _cmeha-tayar Yom Ṭov Tsahalon. |
| 260 |
_aṾiniziʼah, _bStamperia Vendramin, _c454 [1694] |
||
| 300 |
_a223, 25 l. _billus. _c30 cm. |
||
| 500 | _a"Ḥidushe ezehu neshekh": 25 leaves at end. | ||
| 650 | 0 |
_aResponsa _y1600-1800. |
|
| 630 | 0 | 0 |
_aTalmud. _pBava meẓia _xCommentaries. |
| 740 | 0 | _aSheʼelot u-teshuvot. | |
| 999 |
_c33652 _d33652 |
||